Ligne de bus RATP de 20 à 99 - Statistiques

Statistiques générales
  • Ce quiz a été pris 635 fois
    51 depuis la dernière actualisation
  • Le résultat moyen est 77 sur 131
Statistiques - réponses
Lignes RATP Réponse % Correct
31 | 32 | 46 Gare de l'Est
91%
35 | 39 | 43 | +2 others Gare du Nord
91%
22 | 26 | 27 | +2 others Gare Saint-Lazare
91%
47 | 58 | 74 | +2 others Châtelet
82%
20 | 64 | 96 Porte des Lilas
82%
63 | 72 | 77 Gare de Lyon
79%
28 | 94 | 96 Gare Montparnasse
79%
27 | 83 Porte d'Ivry
79%
70 Suresnes - De Gaulle
79%
93 Suresnes - de Gaulle
79%
24 | 75 | 84 Panthéon
76%
64 Denfert Rochereau
74%
38 | 92 Porte d'Orléans
74%
92 Porte de Champerret
71%
75 Porte de Pantin
71%
22 | 62 Porte de Saint-Cloud
71%
25 Bibliothèque-François-Mitterrand
68%
71 Bibliothèque François Mitterrand
68%
46 | 56 Château de Vincennes
68%
83 | 87 | 93 Invalides
68%
59 | 61 Place d'Italie
65%
71 Porte de la Villette
65%
31 Charles de Gaulle - Etoile
62%
70 Hôtel de Ville
62%
54 Porte d'Aubervilliers
62%
62 | 89 Porte de France
62%
60 | 95 Porte de Montmartre
62%
30 | 54/ Pigalle
59%
56 Porte de Clignancourt
59%
80 Porte de Versailles
59%
20 Louison-Bobet
56%
73 Musée d'Orsay
56%
66 Opéra
56%
68 Place de Clichy
56%
32 | 88 Porte d'Auteuil
56%
28 Porte de Clichy
56%
PC Porte Maillot
56%
30 Hôpital Européen Georges Pompidou
53%
73 La Garenne-Colombes - Charlebourg
53%
40 | 80 Mairie du 18ème - Jules Joffrin
53%
26 Nation-Trône
53%
63 Porte de la Muette
53%
29 Porte de Montempoivre
53%
21 Porte de Saint-Ouen - Hôpital Bichat
53%
45 Concorde
50%
60 | 69 Gambetta - Japon
50%
40 Le Peletier
50%
82 Luxembourg
50%
82 Neuilly - Hôpital Américain
50%
67 Palais Royal - Musée du Louvre
50%
52 Parc de Saint-Cloud
50%
72 Parc de Saint Cloud
50%
87 Porte de Reuilly
50%
25 Vitry-sur-Seine - Duras
50%
69 | 86 Champ de Mars
47%
68 Châtillon - Montrouge
47%
24 Ecole Vétérinaire de Maisons-Alfort
47%
47 Fort du Kremlin-Bicêtre
47%
21 | 67 Stade Charléty - Porte de Gentilly
47%
84 Alsace
44%
45 Aubervilliers - France-Asie
44%
61 Eglise de Pantin
44%
39 Issy-les-Moulineaux - Frères Voisin
44%
43 Neuilly - Bagatelle
44%
70/ Porte de Passy
44%
57 Arcueil - Laplace RER
41%
74 Clichy - Berges de Seine
41%
89 Gare de Vanves - Malakoff
41%
77 Joinville-le-Pont RER
41%
88 Montsouris - Tombe Issoire
41%
94 Pont de Levallois - Bécon
41%
38 Porte de la Chapelle - Saint-Denis
41%
58 Vanves - Lycée Michelet
41%
42 Cours de l'île Seguin
38%
43 Hippodrome de Longchamp
38%
91 Montparnasse 2 - Gare TGV
38%
57 Porte de Bagnolet - Louis Ganne
38%
59 Gare de Clamart
35%
63 Jardin d'Acclimatation
35%
76 Montreuil - Hôpital
35%
46/ Porte Dorée
35%
66 | 85 Saint-Ouen - Les Docks
35%
86 Demi-Lune - Parc Zoologique
32%
48 Romainville - Vassou
32%
95 Porte de Vanves - Place Simard
29%
86/ Saint-Germain-des-Près
29%
52 Opéra - Rue Halévy
26%
29/ Place des Vosges
26%
PC Pont du Garigliano - Hôpital Européen Georges Pompidou
26%
35 André Karman
24%
54 Gabriel-Péri - Métro
24%
22/ | 52/ Charles de Gaulle - Etoile - Friedland
9%
Aucun quiz correspondant
Distribution des résultats
% des personnes avec chaque résultat
Percentile par nombre de réponses
Votre historique - résultats
Vous n’avez pas pris ce quiz depuis la dernière actualisation